000 01183 a2200253 4500
001 25217
005 20260407155536.0
008 260407a1972 arg spa d
003 AR-UNSa-BCEJYS
040 _aAR-UNSa-BCEJYS
_bspa
_cAR-UNSa-BCEJYS
080 _a519.23
_xAnálisis estadístico. Métodos de inferencia (Métodos no paramétricos...)
245 1 0 _aEstadística no paramétrica
_paplicada a las ciencias de la conducta
020 _a968-24-0146-1
250 _a2a. ed., 8a. reimp.
264 1 _aMéxico :
_bTrillas
_c1972
300 _a344 p.
_c23 cm.
505 _a1. Introducción - 2. El uso de las pruebas estadística en la investigación - 3. Elección de la prueba estadística adecuada - 4. El caso de una muestra - 5. El caso de dos muestras relacionadas - 6. El caso de dos muestras independientes - 7. El caso de K muestras relacionadas - 8. El caso de K muestra independientes - 9. Las medidas de correlación y sus pruebas de significación.
942 _cBK
590 _aniveau_biblio:m niveau_hierar:0
100 1 _aSiegel, Sidney
700 1 _aAguilar Villalobos, Javier
700 1 _aRuseil, Lisha Jacobo
700 1 _aVinos Cruz-López, Ricardo
999 _c1325
_d1325